| 000 | 00432nam a2200169Ia 4500 | ||
|---|---|---|---|
| 008 | 230917s9999||||xx |||||||||||||| ||und|| | ||
| 020 | _cGBP45 | ||
| 040 |
_e222222 _aMAIN |
||
| 041 | _aEnglish | ||
| 082 | _a338.4791 R561T | ||
| 100 | _aRobinson, Peter | ||
| 245 | 0 | _aTourism | |
| 260 |
_aOxfordshire _bCAB International _c2013 |
||
| 300 | _axxi, 525 p. | ||
| 500 | _a1807 07/01/2015 PBA826 20/01/2015 Main Budget | ||
| 942 | _cBK | ||
| 999 |
_c13417 _d13417 |
||